| 000 | 00848am a2200301a 44500 | ||
|---|---|---|---|
| 003 | AR-BaBNM | ||
| 005 | 20251128211134.0 | ||
| 008 | 122120s1996 #AR|||||||||||000 | fra|| | ||
| 020 | _a88-7144-473-6 | ||
| 040 | _cAR-BaBNM | ||
| 110 | 2 | _aC.E.D.E. | |
| 245 | 1 | 0 |
_aLa prevention du tabagisme entre les jeunes en milieu scolaire _brelations scientifique et politiques nationales |
| 260 |
_aRoma _bArmando Editore _c1996 |
||
| 300 | _a127 p. | ||
| 490 | 0 |
_aInnovazione e ricerca educativa _vv. 5 |
|
| 650 | 4 | _aTABAQUISMO | |
| 650 | 4 | _aPREVENCION DE ENFERMEDADES | |
| 651 | 4 | _aItalia | |
| 651 | 4 | _aAlemania | |
| 651 | 4 | _aIrlanda | |
| 651 | 4 | _aBélgica | |
| 651 | 4 | _aFrancia | |
| 653 | _aEDUCACION PARA LA SALUD | ||
| 653 | _aPREVENCION DE ADICCIONES | ||
| 810 | 2 | _aCentro Europeo dell'educazione | |
| 942 | _cBK | ||
| 998 | _craquel | ||
| 999 |
_c18410 _d18410 |
||